Statistiken für Markenlogos #1

Klicken Sie hier um das Quiz zu spielen!

Allgemein

  • Dieses Quiz wurde 6.192 mal gespielt
  • Das Durchschnittsergebnis liegt bei 13 aus 20

Antwortstatistiken

Marke% Korrekt
Amazon
100%
Adidas
99%
Apple
99%
KFC
98%
Monster
98%
Pepsi
97%
Wikipedia
96%
PlayStation
95%
Shell
95%
Pringles
91%
Pizza Hut
74%
Taco Bell
63%
JetPunk
41%
Target
41%
Dolby
36%
Yamaha
35%
BP
31%
Atari
27%
Firestone
7%
Xerox
3%

Verteilung der Resultate

Perzentil nach korrekt beantworteten Fragen

Anzahl Personen mit jedem Resultat

Ihre Resultats-Entwicklung

Sie haben dieses Quiz noch nicht gespielt